000 00575nam a22001817a 4500
003 OSt
005 20120302151559.0
008 091114t xxu||||| |||| 00| 0 eng d
035 _a१६१४०
040 _cमराठी
100 _aचंपानेरकर, मनोहर
_910180
222 _aकोडी/ बौध्दिक खेळ
245 _aकोड्यात टाकणारी कोडी
250 _a१ ली
260 _aपुणे
_bजयदीप
_c१९९४
300 _b६४ पाने
942 _2ddc
_cBOOK
999 _c494904
_d494901